000 00636cam a22002293a 4500
001 9634
003 PGUSA
005 20140828083214.0
008 060101s2006||||xxu|||||s|||||000 1 eng d
040 _aPGUSA
_beng
042 _adc
050 4 _aPR
100 1 _aWard, Humphry,
_cMrs,
_d1851-1920
245 1 0 _aSir George Tressady — Volume II
_h[electronic resource] /
_cHumphry, Ward
260 _bProject Gutenberg,
_c2006
506 _aPublic domain in the USA.
516 _aElectronic text
653 _aEnglish fiction
830 0 _aProject Gutenberg
_v9634
856 4 0 _uhttp://www.gutenberg.org/ebooks/9634
942 _cEB
999 _c238890
_d238890